000
00312nam a22001337a 4500
005
20230120105235.0
008
230120b |||||||| |||| 00| 0 eng d
040
_c
##$aRTC$cRTC
082
_a
812.5
100
_a
Arthur Miller
245
_a
All my sons
_c
Arthur Miller
260
_c
2000
942
_2
ddc
_c
CE TEXBOOK
999
_c
9232
_d
9233